000 00391nam a2200157Ia 4500
003 OSt
005 20230529102609.0
008 211028s2016 xx 000 0 und d
040 _cAIMIT LIBRARY
041 _aeng
100 _aSinchana, H K; Ruban, S.
_98662
_e141925
110 _aRuban S
_98663
245 _aIndustry management system.
260 _aMangalore
_c2016
942 _2ddc
_cPRO
999 _c220000
_d220000